Music Quiz

Random Music or Song Quiz

Figure Out the Lyrics (Beatles 13) Quiz Stats

 Plays Quiz Updated May 2, 2017

Score 0/140 Timer 10:00
11 Plays Today
% Correct
a
96.2%
*Instrumental Interlude*
96.2%
a
96.2%
a
96.2%
The
92.6%
The
92.6%
the
92.6%
the
92.6%
the
92.6%
the
92.6%
the
92.6%
the
92.6%
You
89.8%
You
89.8%
and
86.3%
and
86.3%
and
86.3%
me
80.4%
me
80.4%
me
80.4%
me
80.4%
me
80.4%
me
80.4%
me
80.4%
me
80.4%
me
80.4%
me
80.4%
me
80.4%
me
80.4%
to
79.6%
to
79.6%
to
79.6%
to
79.6%
to
79.6%
to
79.6%
It
71.6%
your
64.5%
your
64.5%
your
64.5%
your
64.5%
tha-a-at
58.8%
that
58.8%
that
58.8%
for
55.6%
of
54.7%
time
52%
time
52%
% Correct
long
51.2%
long,
51.2%
long,
51.2%
long
51.2%
long,
51.2%
long,
51.2%
long
51.2%
will
51%
road
50.6%
road
50.6%
road.
50.6%
road.
50.6%
winding
49.9%
winding
49.9%
winding
49.9%
Why
48.5%
here;
47.9%
here?
47.9%
here
47.9%
here;
47.9%
here
47.9%
here;
47.9%
they
47.2%
they
47.2%
lead
46.9%
lead
46.9%
lead
46.9%
lead
46.9%
lead
46.9%
Don't
45.8%
Don't
45.8%
door
44.6%
door.
44.6%
door.
44.6%
door.
44.6%
da-a-ay.
44.5%
way.
44.3%
Let
44.1%
been
43.8%
leads
43.6%
leads
43.6%
know
43.4%
know
43.4%
But
42.8%
But
42.8%
never
42%
never
42%
% Correct
I've
41.2%
I've
41.2%
I've
41.2%
I've
41.2%
night
39.3%
leave
39.1%
leave
39.1%
befo-ore.
38.5%
back
38%
back
38%
always
37.5%
has
36.9%
seen
36.2%
standing
35.6%
standing
35.6%
standing
35.6%
ago-o-o-o.
35.4%
ago-o-whoa.
35.4%
left
34.9%
left
34.9%
left
34.9%
alone,
34.7%
Many
33.1%
many
33.1%
many
33.1%
times
32.5%
times
32.5%
away
30.9%
waiting
30.3%
waiting
30.3%
still
29.8%
still
29.8%
you'll
29.3%
cried.
28.4%
disappear;
28.4%
windy
27.7%
tried.
27.4%
wild
26.3%
keep
25.6%
rain
25.3%
ways
25.2%
washed
23%
tears,
22.3%
crying
19.4%
pool
18.9%
Anyway,
18.1%

You're not logged in!

Compare scores with friends on all Sporcle quizzes.
OR
Log In

Sporcle TV

Today on Sporcle TV


Watch our educational content, quiz creation guides, and fun videos on Sporcle TV.

Show Comments

Extras

Top Quizzes Today


Score Distribution

Your Account Isn't Verified!

In order to create a playlist on Sporcle, you need to verify the email address you used during registration. Go to your Sporcle Settings to finish the process.

Report this User

Report this user for behavior that violates our Community Guidelines.

Details: